El canon y la escritura en Latinoamérica
Se trata de un artículo abierto que propone diversas perspectivas teóricas que originen una nueva (re)lectura del problema del canon latinoamericano. Nos recuerda que la formación de todo canon es fruto de un complejo entramado social, histórico y cultural; por tanto, el canon es una categoría conti...
Bewaard in:
| Hoofdauteur: | |
|---|---|
| Formaat: | Onbekend |
| Gepubliceerd in: |
Cuba:
Casa de las Américas,
|
| Onderwerpen: | |
| Tags: |
Voeg label toe
Geen labels, Wees de eerste die dit record labelt!
|
MARC
| LEADER | 000000000a22000000004500 | ||
|---|---|---|---|
| 001 | 000859 | ||
| 022 | |a 008-7157 | ||
| 100 | 1 | |a Zavala, Iris M. | |
| 245 | 1 | 0 | |a El canon y la escritura en Latinoamérica |
| 260 | |a Cuba: |b Casa de las Américas, | ||
| 310 | |a trimestral | ||
| 520 | |a Se trata de un artículo abierto que propone diversas perspectivas teóricas que originen una nueva (re)lectura del problema del canon latinoamericano. Nos recuerda que la formación de todo canon es fruto de un complejo entramado social, histórico y cultural; por tanto, el canon es una categoría contingente útil como intervención material útil para cuestionar y abundar en problema del calor. Iris M. Zavala, plantea 3 grandes momentos dentro de la configuración del canon y se detiene especialmente en la teoría feminista y en la noción de escritura femenina para explorar qué pone en crisis del canon como hegemonía. Acude, igualmente, al concepto de lucha por el signo de Bajtín y a una expresión amplia de diversas teorías (lacanianos, nuevos historicistas, desconstruccionistas) como perspectivas que tratan de la cuestión del otro tratando de eliminar las posiciones de dominio y de control del discurso canónico tradicional. | ||
| 650 | 4 | |a CANON | |
| 650 | 4 | |a FEMINISMO | |
| 650 | 4 | |a TEORIA LITERARIA | |
| 650 | 4 | |a LITERATURA LATINOAMERICANA | |
| 773 | 0 | |t Casa de las Américas | |
| 773 | 0 | |g 212 | |
| 773 | 0 | |g 1998 | |
| 773 | 0 | |g 33-40 | |
| 999 | |c 1633 |d 1633 | ||
